01426nam a2200313 a 4500001001200000003000800012006001900020007001500039008004100054010001700095020003000112040002100142035002100163050002500184082001900209245010600228260004000334300001700374490008800391500019100479504005100670533015200721650002700873655002900900700002100929710001700950856012600967999001901093ebr10196611CaPaEBRm u cr cn|||||||||070319s2007 dcu sb 101 0 eng  z 2007925114 z9781586037406 (hardcover) aCaPaEBRcCaPaEBR a(OCoLC)29048546814aHV6431b.U347 2007eb04a363.325/1622200aUnderstanding and responding to terrorismh[electronic resource] /cedited by H. Durmaz ... [et al.]. aWashington, DC :bIOS Press,c2007. axiii, 397 p.0 aNATO science for peace and security series. E. Human and societal dynamics ;vv. 19 aProceedings from the North Atlantic Treaty Organization 's 2006 Advanced Research Workshop on "Policing Responses to Terrorist Organizations," held in Washington D.C. on Sept. 8-9, 2006. aIncludes bibliographical references and index. aElectronic reproduction.bPalo Alto, Calif. :cebrary,d2013.nAvailable via World Wide Web.nAccess may be limited to ebrary affiliated libraries. 0aTerrorismvCongresses. 7aElectronic books.2local1 aDurmaz, Huseyin.2 aebrary, Inc.40uhttp://site.ebrary.com/lib/rucke/Doc?id=10196611zAn electronic book accessible through the World Wide Web; click to view c115614d115614